| 000 | 01318nam a2200349 i 4500 | ||
|---|---|---|---|
| 003 | EG-GICUC | ||
| 005 | 20260508193304.0 | ||
| 008 | 260508s2011 ua |||fr|||| 00| 0 Ara d | ||
| 017 | _a19284/2003 | ||
| 020 | _a9770910163 | ||
| 040 |
_a EG-GICUC _bara _c EG-GICUC _d EG-GICUC _erda |
||
| 041 | 0 | _aAra | |
| 082 | 0 | 4 |
_221 _a343.384407 _bأ ح . ن |
| 092 | 0 | 4 | _221 |
| 099 | _aLaw1 10 343.384407 أ ح . ن 2011 | ||
| 100 | 0 |
_aأحمد فتحى سرور _eمؤلف. |
|
| 245 | 1 | 2 |
_aالنقض الجنائى : _bالطعن بالنقض وطلب إعادة النظر فى المواد الجنائية / _cتأليف أحمد فتحى سرور. |
| 250 | _aالطبعة الثالثة | ||
| 264 | 1 |
_aالقاهرة : _bدار الشروق، _c2011. |
|
| 300 |
_a671 ؛صفحة _c24 سم. _bإيضاحيات، صور، مثيليات ؛ |
||
| 336 |
_2rda content _atext |
||
| 337 |
_2rda media _aComputer |
||
| 338 |
_2rda carrier _aOnline Resource |
||
| 504 | _a. 240-220 ببليوجرافيا: صفحات. | ||
| 546 | _aالنص باللغة العربية | ||
| 650 | 1 |
_aالنقض _xأحكام النقض _2qrmak |
|
| 650 | 1 |
_aالقانون الجنائى _2qrmak |
|
| 651 | 1 | _2qrmak | |
| 856 | 4 | 0 | _uhttps://fll.law.cu.edu.eg/fulltext/bks/B10-12092.pdf |
| 905 | _a54 | ||
| 942 |
_2ddc _cBK _e21 _n0 |
||
| 999 |
_c76332 _d76332 |
||